Monaco Skład 20/21 - Statystyki

Ogólne statystyki
  • Ten quiz został rozwiązany 13 razy
  • Średni wynik to 11 z 24
Statystyki odpowiedzi
Pozycja Zawodnik % Poprawnych
Bramkarz Majecki
100%
Napastnik Ben Yedder
92%
Napastnik Martins
77%
Obrońca Badiashile
69%
Pomocnik Golovin
69%
Bramkarz Lecomte
69%
Obrońca Sidibe
62%
Napastnik Volland
62%
Pomocnik Fabregas
54%
Obrońca Maripan
54%
Obrońca Aguilar
46%
Napastnik Jovetic
46%
Pomocnik Tchouameni
46%
Obrońca Ballo-Toure
31%
Napastnik Diatta
31%
Obrońca Disasi
31%
Pomocnik Fofana
31%
Napastnik Pellegri
31%
Pomocnik Diop
23%
Napastnik Geubbels
23%
Obrońca Henrique
23%
Pomocnik Bennasser
15%
Obrońca Matsima
15%
Pomocnik Florentino
8%
Nie znaleziono quizów pasujących do podanych kryteriów
Rozkład punktacji
Procent ludzi z każdym wynikiem
Percentyl według liczby udzielonych odpowiedzi
Twoja historia wyników
Nie rozwiązałeś tego quizu